| 000 | 00358nam a22001457a 4500 | ||
|---|---|---|---|
| 008 | 210303b ||||| |||| 00| 0 eng d | ||
| 020 | _a3086701283937 | ||
| 041 | _aeng | ||
| 080 | _a004 | ||
| 082 | _a004 | ||
| 100 | _a28 | ||
| 101 | _aSHKI | ||
| 245 |
_aMicrocomputers Corporate Planning and Decision Support Systems _cGianturco, D. J |
||
| 942 |
_2udc _cBK |
||
| 999 |
_c55653 _d55653 |
||